[Event "New York sim"]
[Site "New York"]
[Date "1988.??.??"]
[Round "?"]
[White "Fishbein, Alexander"]
[Black "Kasparov, Gary"]
[Result "1/2-1/2"]
[WhiteElo "2435"]
[BlackElo "2750"]

1.e4 c5 2.Nf3 e6 3.d4 cxd4 4.Nxd4 Nf6 5.Nc3 Nc6 6.Ndb5 d6 7.Bf4 e5 8.Bg5 a6
9.Na3 b5 10.Nd5 Qa5+ 11.Bd2 Qd8 12.Bg5 Qa5+ 13.Bd2 Qd8 14.c4 Nxe4 15.cxb5 Be6
16.Nc3 Nxd2 17.Qxd2 Nd4 18.bxa6 Be7 19.Bd3 O-O 20.O-O d5 21.Nc2 Nxc2 22.Qxc2 e4
23.Be2 f5 24.Nb5 Rxa6 25.Rfd1 Rb6 26.a4 Qb8 27.Qc7 Bf6 28.Qxb8 Rfxb8 29.Rab1 Kf7
30.b3 Rc6 31.b4 Rc2 32.Bf1 Bb2 33.Nd4 Bxd4 34.Rxd4 Kf6 35.b5 Ke5 36.Rbd1 Ra2
37.Rb4 Rb6 38.Rdb1 g5 39.R1b2 Ra3 40.R2b3 Rxb3 41.Rxb3 d4 42.Rb1 d3 43.a5 Rd6
44.a6 Bc8 45.h3 Bxa6 46.bxa6 Rxa6 47.g3 Rd6 48.Kg2 f4 49.gxf4+ gxf4 50.Rb5+ Kf6
51.Rb1 f3+ 52.Kh2 Ke5 53.h4 Kf4 54.Rd1 h5 55.Kh3 Rd8 56.Kh2 Rd6 57.Kh3 Rd4
58.Kh2 e3 59.fxe3+ Kxe3 60.Bxd3 Rxd3 61.Ra1 Ke2 62.Kg3 Rd2 63.Rb1 Ra2  1/2-1/2

[Event "World Cup"]
[Site "Reykjavik"]
[Date "1988.??.??"]
[Round "?"]
[White "Ehlvest, Jaan"]
[Black "Kasparov, Gary"]
[Result "0-1"]
[WhiteElo "2580"]
[BlackElo "2760"]

1.c4 Nf6 2.Nc3 e5 3.Nf3 Nc6 4.e3 Bb4 5.Qc2 O-O 6.d3 Re8 7.Bd2 Bxc3 8.Bxc3 d5
9.cxd5 Nxd5 10.Be2 Bf5 11.Rd1 a5 12.O-O Qe7 13.a3 a4 14.Be1 Bg6 15.Qc4 Rad8
16.Nd2 Nd4 17.exd4 Nf4 18.Bf3 Rxd4 19.Qb5 c6 20.Bxc6 bxc6 21.Qxc6 Qd8 22.Nf3 Rd6
23.Qb5 Rd5 24.Qb4 e4 25.Bc3 Ne2+  0-1

[Event "Wch-blitz"]
[Site "Saint John"]
[Date "1988.??.??"]
[Round "1"]
[White "Kasparov, Gary"]
[Black "Thorsteins, Karl"]
[Result "1-0"]
[WhiteElo "2750"]
[BlackElo "2440"]

1.c4 e6 2.Nc3 d5 3.d4 Be7 4.cxd5 exd5 5.Bf4 Nf6 6.e3 Bf5 7.Nge2 O-O 8.Ng3 Be6
9.Bd3 c6 10.Qc2 Bd6 11.Nge2 Re8 12.h3 g6 13.O-O Nh5 14.Bxd6 Qxd6 15.Rab1 a5
16.a3 Nd7 17.Na4 Ng7 18.b4 axb4 19.axb4 b5 20.Nc5 Bf5 21.Rfc1 Nf6 22.Ra1 Bxd3
23.Nxd3 Rxa1 24.Rxa1 Nd7 25.Ra7 Ne6 26.Qa2 Ng5 27.Qa6 Re7 28.Qc8+ Kg7 29.Qc7 Qf6
30.Ne5 Ne6 31.Qxd7 Rxd7 32.Rxd7 Nd8 33.Nf4 Kh6 34.Rxd8 g5 35.Nfd3 Kg7 36.Rd7 Qe6
37.Rxf7+ Kg8 38.Nc5 Qc8 39.Ncd7  1-0

[Event "Wch-blitz"]
[Site "Saint John"]
[Date "1988.??.??"]
[Round "1"]
[White "Thorsteins, Karl"]
[Black "Kasparov, Gary"]
[Result "1/2-1/2"]
[WhiteElo "2440"]
[BlackElo "2750"]

1.d4 d6 2.e4 Nf6 3.Nc3 g6 4.Nf3 Bg7 5.Be2 O-O 6.O-O Bg4 7.Be3 Nc6 8.Qd2 e5
9.d5 Ne7 10.Rad1 Bd7 11.Ne1 b5 12.a3 a5 13.b4 axb4 14.axb4 Ra3 15.f3 Qb8
16.Nd3 c6 17.dxc6 Bxc6 18.Nc1 Rd8 19.Nb3 d5 20.Bc5 Qc7 21.Na5 Be8 22.Nb1 Ra2
23.Nc3 Ra3 24.Nb1 Ra2 25.Nc3 Ra3 26.Bxe7 Qxe7 27.Nxd5 Nxd5 28.exd5 e4 29.d6 Qa7+
30.Kh1 Bc3 31.Qd5 Bxb4 32.Nc6 Bxc6 33.Qxc6 Qc5 34.Bxb5 Qxc6 35.Bxc6 exf3
36.Bxf3 Rxd6 37.Rxd6 Bxd6 38.Bd5 Ra7 39.c4 Kg7 40.g3 f5 41.Rf2 Kf6 42.Re2 Re7  1/2-1/2

[Event "Wch-blitz"]
[Site "Saint John"]
[Date "1988.??.??"]
[Round "2"]
[White "Kasparov, Gary"]
[Black "Dlugy, Maxim"]
[Result "0-1"]
[WhiteElo "2750"]
[BlackElo "2550"]

1.c4 Nf6 2.Nc3 g6 3.e4 d6 4.d4 Bg7 5.Be2 O-O 6.Nf3 Bg4 7.Be3 Nbd7 8.h3 Bxf3
9.Bxf3 c6 10.O-O a6 11.Rc1 e5 12.d5 c5 13.a3 Ne8 14.b4 Qc7 15.Qb3 b6 16.bxc5 dxc5
17.h4 Nd6 18.h5 f5 19.hxg6 hxg6 20.g3 b5 21.cxb5 f4 22.Bd2 c4 23.Qb4 a5 24.Qb1 Nc5
25.b6 Qf7 26.Nb5 Nxb5 27.Qxb5 Nb3 28.Bg4 Qe7 29.Rcd1 fxg3 30.Be6+ Kh8 31.Kg2 Qh4
32.fxg3 Qxe4+ 33.Kg1 Nd4 34.Qd7 Nf3+ 35.Rxf3 Qxf3  0-1

[Event "Wch-blitz"]
[Site "Saint John"]
[Date "1988.??.??"]
[Round "2"]
[White "Dlugy, Maxim"]
[Black "Kasparov, Gary"]
[Result "1-0"]
[WhiteElo "2550"]
[BlackElo "2750"]

1.d4 d6 2.e4 Nf6 3.f3 Nbd7 4.c4 e5 5.d5 Be7 6.Be3 c6 7.Nc3 a6 8.Bd3 O-O 9.Nge2 Nh5
10.Qd2 g6 11.O-O Ng7 12.Kh1 f5 13.exf5 gxf5 14.f4 e4 15.Bc2 c5 16.g4 fxg4
17.Nxe4 Nf6 18.N2g3 Nxe4 19.Bxe4 Bf6 20.Qc2 h5 21.Bg6 h4 22.Nh5 b5 23.f5 bxc4
24.Qxc4 Bb7 25.Rad1 Qe7 26.Bh6 Qe5 27.Rfe1 Qxb2 28.Rb1 Qa3 29.Nxf6+ Rxf6
30.Rxb7 Qf3+ 31.Kg1 Nxf5 32.Bh7+ Kh8 33.Bxf5 Rxf5 34.Qe2 c4 35.Qxf3 gxf3
36.Kf2 Rg8 37.Rg1 Rxg1 38.Kxg1 Rxd5 39.Kf2 Rd3 40.Rb6 d5 41.Rxa6 c3 42.Rc6 d4
43.a4 Kh7 44.Bf4 Rd1 45.Kxf3 Ra1 46.Rc4 Rd1 47.Ke4 d3 48.Rxc3 d2 49.Kd3 Ra1
50.Bxd2 Rxa4 51.Rc4 Ra3+ 52.Bc3 Kg6 53.Rxh4 Kf5  1-0

[Event "Wch-blitz"]
[Site "Saint John"]
[Date "1988.??.??"]
[Round "2"]
[White "Kasparov, Gary"]
[Black "Dlugy, Maxim"]
[Result "1/2-1/2"]
[WhiteElo "2750"]
[BlackElo "2550"]

1.c4 c5 2.Nf3 Nf6 3.Nc3 e6 4.d4 cxd4 5.Nxd4 Bb4 6.g3 O-O 7.Bg2 d5 8.cxd5 Nxd5
9.Bd2 Nxc3 10.bxc3 Ba5 11.O-O Bb6 12.Bc1 Qe7 13.a4 Na6 14.a5 Bc5 15.Nb3 Bd6
16.Be3 Nc5 17.Nxc5 Bxc5 18.Bxc5 Qxc5 19.Qd4 Qxd4 20.cxd4 Rb8 21.Rfb1 Rd8
22.Rb4 Kf8 23.Rab1 Rd7 24.e3 Rc7 25.g4 Ke7 26.Be4 h6 27.Kg2 g6 28.h4 Kd6
29.Kg3 f5 30.Bf3 e5 31.dxe5+ Kxe5 32.h5 fxg4 33.Bg2 g5 34.Rd4 Be6 35.Rb5+ Kf6
36.Rd6 Re7 37.Bd5 Kf7 38.Rxe6 Rxe6 39.Kxg4 Kf6 40.Bxe6 Kxe6 41.f4 gxf4 42.Kxf4 b6
43.Ke4 Kf6 44.axb6 Rxb6 45.Ra5 Rb4+ 46.Kf3 Rb7 47.Kf4 Rb4+ 48.e4 Rb7 49.Ra6+ Kg7
50.Kf5 Rf7+ 51.Ke5 Rf1 52.Rxa7+ Kg8 53.Ke6 Rh1 54.e5 Rxh5 55.Kf6 Rh1 56.Ra8+ Kh7
57.e6 Rf1+ 58.Ke7 Rb1 59.Rd8 Kg7 60.Ke8 h5 61.e7 Kg6 62.Rd6+ Kg5 63.Kf7 Rf1+
64.Kg7 Re1 65.Rg6+ Kf4 66.Kf7 Rxe7+ 67.Kxe7 h4 68.Ra6 h3 69.Kf6 h2 70.Ra1 Kg3
71.Kf5 Kg2  1/2-1/2

[Event "Wch-blitz"]
[Site "Saint John"]
[Date "1988.??.??"]
[Round "3"]
[White "Kasparov, Gary"]
[Black "Georgiev, Kiril"]
[Result "1/2-1/2"]
[WhiteElo "2750"]
[BlackElo "2595"]

1.c4 e5 2.Nc3 Nf6 3.Nf3 Nc6 4.g3 d5 5.cxd5 Nxd5 6.Bg2 Nb6 7.O-O Be7 8.a3 a5
9.d3 O-O 10.Be3 Be6 11.Na4 Nd5 12.Bc5 Bd6 13.Rc1 h6 14.Nd2 Rc8 15.Ne4 b6
16.Nxd6 cxd6 17.Bxb6 Nxb6 18.Rxc6 Rb8 19.Nxb6 Rxb6 20.Qc2 Qb8 21.Rxb6 Qxb6
22.Rb1 Bb3 23.Qd2 Rb8 24.Rc1 Be6 25.Rc2 d5 26.h4 a4 27.Bf3 Qd4 28.e3 Qb6
29.d4 e4 30.Be2 Qb3 31.Kg2 g6 32.Bd1 Kg7 33.Qc1 Qb6 34.Rd2 Bd7 35.Qc5 Qxc5
36.dxc5 Bc6 37.Kf1 Kf6 38.Ke1 Ke5 39.Rc2 Rb5 40.Kd2 d4 41.exd4+ Kxd4 42.Be2 Rxc5
43.Rxc5 Kxc5 44.Ke3 f5 45.g4 Kd5 46.gxf5 gxf5 47.Kf4 Ke6 48.Bc4+ Kf6 49.b4 axb3
50.Bxb3 Bb5  1/2-1/2

[Event "Wch-blitz"]
[Site "Saint John"]
[Date "1988.??.??"]
[Round "3"]
[White "Kasparov, Gary"]
[Black "Georgiev, Kiril"]
[Result "1/2-1/2"]
[WhiteElo "2750"]
[BlackElo "2595"]

1.c4 e5 2.Nc3 Nf6 3.Nf3 Nc6 4.g3 d5 5.cxd5 Nxd5 6.Bg2 Nb6 7.O-O Be7 8.a3 a5
9.d3 O-O 10.Be3 Be6 11.Na4 Nd5 12.Bc5 Bd6 13.Rc1 h6 14.d4 exd4 15.Nxd4 Nxd4
16.Qxd4 b6 17.Bxd6 Qxd6 18.Rfd1 Rfd8 19.e4 Ne7 20.Qxd6 Rxd6 21.Rxd6 cxd6
22.f4 b5 23.Nc3 b4 24.Nb5 bxa3 25.bxa3 Ra6 26.Rc7 Rb6 27.Bf1 Kf8 28.Kf2 g6
29.Ke3 d5 30.e5 g5 31.Bd3 gxf4+ 32.gxf4 d4+ 33.Kxd4 Nd5 34.Ra7 Nxf4 35.Bf1 Rc6
36.Nc3 Rc8 37.Rxa5 Rd8+ 38.Ke3 Ng6 39.Rc5 Ne7 40.Bd3 Nf5+ 41.Bxf5 Bxf5 42.Nd5 Ra8
43.Rc3 Be6 44.Nf6 Ra4 45.Ne4 Kg7 46.Nc5 Rh4 47.a4 Rxh2 48.a5 Ra2 49.a6 Bc8
50.Kf4 Bxa6 51.Rg3+ Kf8 52.Nd7+ Ke7 53.Nf6 Ra4+ 54.Ke3 Ke6 55.Rg7 Kxe5 56.Rxf7 Ra3+
57.Kf2 Ke6 58.Rf8 Ke7 59.Nh7 Bd3 60.Rh8 Bxh7 61.Rxh7+ Kf6 62.Rxh6+  1/2-1/2

[Event "Wch-blitz"]
[Site "Saint John"]
[Date "1988.??.??"]
[Round "3"]
[White "Georgiev, Kiril"]
[Black "Kasparov, Gary"]
[Result "1-0"]
[WhiteElo "2595"]
[BlackElo "2750"]

1.Nf3 Nf6 2.c4 c5 3.g3 g6 4.Bg2 Bg7 5.O-O O-O 6.Nc3 Nc6 7.Rb1 d5 8.cxd5 Nxd5
9.Nxd5 Qxd5 10.b3 Qd6 11.d3 e5 12.a3 Bd7 13.b4 cxb4 14.axb4 Nxb4 15.Ba3 a5
16.Qb3 b5 17.Ng5 Rac8 18.Bxb4 axb4 19.Qxb4 Qxb4 20.Rxb4 Rc2 21.Re1 h6 22.Ne4 Rfc8
23.Nd6 R8c5 24.Rbb1 Ra2 25.Bf3 h5 26.Rec1 Rxc1+ 27.Rxc1 Ra6 28.Ne4 Bf8 29.h4 b4
30.Rc7 Be6 31.Rb7 Ra1+ 32.Kg2 Rc1 33.Ng5 Ba2 34.Ra7 Rc2 35.Rb7 Bc5 36.Ne4 Bf8
37.Ng5 Kg7 38.Ra7 Bc5 39.Rb7 Bf8 40.Ra7 Bb3 41.Nxf7 Bc5 42.Rb7 Bxf7 43.Bd5 Rxe2
44.Rxf7+ Kh6 45.Kf1 Rd2 46.Bc4 Rb2 47.f4 exf4 48.gxf4 b3 49.Rb7 Rf2+ 50.Ke1 b2
51.Bg8 g5 52.hxg5+ Kg6 53.Bh7+  1-0

[Event "Thessaloniki ol (Men)"]
[Site "Thessaloniki"]
[Date "1988.??.??"]
[Round "8"]
[White "Ljubojevic, Ljubomir"]
[Black "Kasparov, Gary"]
[Result "0-1"]
[WhiteElo "2600"]
[BlackElo "2760"]

1.c4 g6 2.Nc3 Bg7 3.g3 d6 4.d4 c5 5.Be3 cxd4 6.Bxd4 Nf6 7.Nd5 Nbd7 8.Nf3 O-O
9.Bg2 e5 10.Bc3 Nxd5 11.cxd5 Nc5 12.O-O Bd7 13.Nd2 Rc8 14.Rc1 f5 15.Nc4 Bb5
16.Na3 Be8 17.Qd2 Rf7 18.Bb4 Rfc7 19.Rc2 Na6 20.Bc3 e4 21.Bxg7 Kxg7 22.Rfc1 Bf7
23.g4 fxg4 24.Bxe4 Qf6 25.Nb5 Rxc2 26.Rxc2 Rxc2 27.Qxc2 Nc5 28.b4 Nxe4 29.Qxe4 h5
30.a3 g5 31.Nd4 a6 32.Ne6+ Kh6 33.Kg2 Bg6 34.Qe3 Qf5 35.Qd4 Qe4+ 36.Kg1 Qxd4
37.Nxd4 Be4 38.f3 gxf3 39.exf3 Bb1 40.Kf2 Kg6 41.b5 Ba2 42.bxa6 bxa6 43.Nc6 Kf5
44.Nb4 Bc4 45.Ke3 a5 46.Nc6 Bxd5 47.Nd4+ Ke5 48.Ne2 Bf7 49.Ng1 Bc4 50.Nh3 Kf5
51.Nf2 d5  0-1

[Event "Thessaloniki ol (Men)"]
[Site "Thessaloniki"]
[Date "1988.??.??"]
[Round "10"]
[White "Portisch, Lajos"]
[Black "Kasparov, Gary"]
[Result "1/2-1/2"]
[WhiteElo "2630"]
[BlackElo "2760"]

1.Nf3 Nf6 2.c4 g6 3.g3 Bg7 4.Bg2 O-O 5.d4 d5 6.cxd5 Nxd5 7.O-O Nb6 8.Nc3 Nc6
9.e3 Re8 10.d5 Na5 11.Nd4 Bd7 12.Qe2 c6 13.dxc6 Nxc6 14.Nxc6 Bxc6 15.Bxc6 bxc6
16.Rd1 Qc8 17.Bd2 Qe6 18.Be1 a5 19.Rac1 a4 20.Qc2 Rec8 21.b3 axb3 22.Qxb3 Qxb3
23.axb3  1/2-1/2

[Event "World Cup"]
[Site "Barcelona"]
[Date "1989.??.??"]
[Round "?"]
[White "Kortschnoj, Viktor"]
[Black "Kasparov, Gary"]
[Result "0-1"]
[WhiteElo "2610"]
[BlackElo "2775"]

1.Nf3 Nf6 2.c4 g6 3.Nc3 Bg7 4.e4 d6 5.d4 O-O 6.Be2 Nc6 7.O-O e5 8.d5 Ne7
9.a4 a5 10.Ne1 Nd7 11.Be3 f5 12.f3 Nc5 13.Nd3 b6 14.b4 Nxd3 15.Qxd3 axb4
16.Nb5 Kh8 17.Qb3 Ng8 18.Qxb4 Nf6 19.exf5 gxf5 20.Bg5 h6 21.Bh4 Bd7 22.Ra3 Qb8
23.Bf2 Rg8 24.Rb1 Nh5 25.Kh1 Qd8 26.a5 Bxb5 27.Qxb5 bxa5 28.g3 f4 29.g4 e4
30.fxe4 Nf6 31.Bh4 Qe7 32.Bf3 Qe5 33.Re1 Nh7 34.Qd7 Bf6 35.Bxf6+ Nxf6 36.Qf5 Qxf5
37.exf5 Nxg4 38.Bxg4 Rxg4 39.Rh3 Kg7 40.Re7+ Kf6 41.Re6+ Kxf5 42.Rhxh6 Rf8
43.Rh5+ Rg5 44.Rxg5+ Kxg5 45.c5 a4 46.cxd6 cxd6 47.Rxd6 Ra8 48.Re6 a3 49.Re1 Kf5
50.h4 f3 51.d6 a2 52.Ra1 Kf4 53.Kh2 f2 54.d7 Kf3 55.Rc1 a1=Q  0-1

[Event "World Cup"]
[Site "Barcelona"]
[Date "1989.??.??"]
[Round "?"]
[White "Kasparov, Gary"]
[Black "Seirawan, Yasser"]
[Result "1/2-1/2"]
[WhiteElo "2775"]
[BlackElo "2610"]

1.d4 d6 2.e4 Nf6 3.f3 g6 4.Be3 Bg7 5.Qd2 O-O 6.c4 e5 7.d5 Nh5 8.Nc3 Qh4+
9.Bf2 Qf4 10.Be3 Qh4+ 11.g3 Nxg3 12.Qf2 Nxf1 13.Qxh4 Nxe3 14.Ke2 Nxc4 15.Rc1 Na6
16.Nd1 Nb6 17.Ne3 Bd7 18.Nh3 f6 19.Nf2 Nc8 20.Rc3 Ne7 21.Rhc1 Rac8 22.Rb3 Rb8
23.Nd3 Rf7 24.Qe1 Nc8 25.Qa5 Nb6 26.Rxc7 f5 27.Rc2 fxe4 28.fxe4 Rbf8 29.Rxb6  1/2-1/2

[Event "Belgrade"]
[Site "Belgrade"]
[Date "1989.??.??"]
[Round "?"]
[White "Jussupow, Artur"]
[Black "Kasparov, Gary"]
[Result "1/2-1/2"]
[WhiteElo "2610"]
[BlackElo "2775"]

1.d4 Nf6 2.Nf3 g6 3.c4 Bg7 4.g3 d5 5.cxd5 Nxd5 6.Bg2 Nb6 7.Nc3 Nc6 8.e3 O-O
9.O-O Re8 10.d5 Na5 11.Nd4 Bd7 12.Nb3 Nxb3 13.axb3 c6 14.dxc6 Bxc6 15.e4 Qxd1
16.Rxd1 Rad8 17.Be3 Nc8 18.f3 f5 19.exf5 gxf5 20.Kf2 a6 21.Bf1 e6 22.Bc5  1/2-1/2

[Event "Belgrade"]
[Site "Belgrade"]
[Date "1989.??.??"]
[Round "?"]
[White "Agdestein, Simen"]
[Black "Kasparov, Gary"]
[Result "0-1"]
[WhiteElo "2605"]
[BlackElo "2775"]

1.d4 Nf6 2.c4 g6 3.g3 c5 4.d5 d6 5.Bg2 Bg7 6.Nh3 b5 7.cxb5 Qa5+ 8.Bd2 Qxb5
9.Bc3 Ba6 10.Na3 Qb6 11.O-O O-O 12.Qd2 Nbd7 13.Rab1 Rab8 14.b3 Bb5 15.Rfe1 Ng4
16.Bxg7 Kxg7 17.Nc2 a5 18.f3 Ngf6 19.Nf2 Ba6 20.f4 Rfc8 21.e3 a4 22.g4 axb3
23.g5 Ne8 24.axb3 h5 25.gxh6+ Kh7 26.Kh1 Nef6 27.e4 c4 28.e5 cxb3 29.Nd4 Rc4
30.Nc6 Rc2 31.Qe3 Qxe3 32.Rxe3 Rb6 33.exf6 Nxf6 34.Ne4 b2 35.Nxf6+ exf6 36.Be4 Rc1+
37.Re1 f5 38.Rbxc1 bxc1=Q 39.Rxc1 fxe4 40.Re1 Bc4 41.Ne7 f5 42.Rg1 e3 43.Re1 Rb3
44.Kg2 Kxh6 45.Kf3 e2+ 46.Kf2 Rh3 47.Rg1 Rxh2+ 48.Kg3 Rh5 49.Nc8 Kg7 50.Nxd6 Ba6
51.Ne8+ Kf7 52.Nc7 Bc4 53.Rc1 g5 54.Kf2 gxf4 55.Ne6 Rh2+ 56.Kg1 Rh4 57.Nd4  0-1

[Event "Belgrade"]
[Site "Belgrade"]
[Date "1989.??.??"]
[Round "?"]
[White "Ljubojevic, Ljubomir"]
[Black "Kasparov, Gary"]
[Result "0-1"]
[WhiteElo "2635"]
[BlackElo "2775"]

1.e4 c5 2.Nf3 d6 3.d4 cxd4 4.Nxd4 Nf6 5.Nc3 a6 6.Bg5 e6 7.f4 Qc7 8.Qe2 Nc6
9.O-O-O Nxd4 10.Rxd4 Be7 11.g3 Bd7 12.Bg2 h6 13.Bh4 Bc6 14.f5 O-O 15.Rhd1 b5
16.g4 e5 17.R4d3 b4 18.Bxf6 bxc3 19.Bxe7 cxb2+ 20.Kb1 Qxe7 21.Rxd6 Rfc8 22.R1d2 Bb5
23.Qe3 Rab8 24.Rb6 Bc4 25.Rd1 Rxb6 26.Qxb6 Qa3 27.Qxb2 Bxa2+ 28.Ka1 Qa4 29.Qxa2 Qxa2+
30.Kxa2 Rxc2+ 31.Kb3 Rxg2 32.Kc4 Rxh2 33.Kd5 f6 34.g5 hxg5 35.Ke6 g4 36.Rd8+ Kh7
37.Kf7 Rh5  0-1

[Event "Belgrade"]
[Site "Belgrade"]
[Date "1989.??.??"]
[Round "?"]
[White "Short, Nigel D"]
[Black "Kasparov, Gary"]
[Result "0-1"]
[WhiteElo "2660"]
[BlackElo "2775"]

1.e4 c5 2.Nf3 d6 3.d4 cxd4 4.Nxd4 Nf6 5.Nc3 a6 6.f4 e6 7.Qf3 Nbd7 8.g4 h6
9.Be2 Qb6 10.Nb3 Qc7 11.Qg2 Rb8 12.Be3 b5 13.g5 hxg5 14.fxg5 Nh5 15.g6 Ne5
16.gxf7+ Qxf7 17.Rf1 Qg6 18.Qxg6+ Nxg6 19.Nd4 Ne5 20.a3 Bd7 21.O-O-O Rc8
22.Bg5 Nf6 23.Bf4 Nc4 24.Bxc4 Rxc4 25.e5 dxe5 26.Bxe5 Ng4 27.Bf4 Bc5 28.Ne4 e5
29.Nxc5 Rxc5 30.Rfe1 O-O 31.Nb3 Rxc2+ 32.Kxc2 Bf5+ 33.Kc3 exf4 34.Rd2 Rc8+
35.Kb4 Ne3 36.Rc1 Rxc1 37.Nxc1 f3 38.Kc5 Ng4 39.Ne2 fxe2 40.Rxe2 Kf7 41.Kb6 b4
42.axb4 Bd3 43.Rg2 Ne5 44.Kc5 Bb5 45.Kd4 Nd3 46.Kc3 Kf6 47.Rg3 Nf4 48.Rg4 Ne6
49.Kd2 g5 50.Ke3 Kf5 51.Rg3 Nf4 52.Rf3 Ke5 53.Rg3 Nd5+ 54.Kf2 Kf5 55.Rf3+ Kg4
56.Rg3+ Kh4 57.Kf3 Nf6 58.Kg2 Nh5 59.Re3 Nf4+ 60.Kg1 Kg4 61.Rg3+ Kf5 62.Rf3 g4
63.Re3 Nd5 64.Rb3 Kf4 65.Kf2 Nf6 66.Ra3 Ne4+ 67.Kg2 Be2 68.Rb3 Bf1+ 69.Kg1 Bc4
70.Ra3 Ng5 71.Rc3 Bd5 72.Ra3 Be4 73.Kf2 Bb7 74.Rd3 Nh3+ 75.Ke1 Bc6 76.Rd4+ Kf3
77.Rd3+ Ke4 78.Rg3 Kf4 79.Ra3 Bb5 80.Rc3 Ng5 81.Rc8 Ke3 82.Rh8 Nf3+ 83.Kd1 Be2+
84.Kc2 Nxh2 85.Rxh2 g3 86.Rh3 Kf2 87.Kd2 g2 88.Rh2 Bb5 89.Rh6 g1=Q 90.Rf6+ Kg2
91.Rg6+ Kf1 92.Rxg1+ Kxg1 93.Ke1 Kg2 94.Kd1 Kf3 95.Kd2 Ke4 96.Kc3 Ke3 97.Kc2 Ke2
98.Kc1 Bd3 99.b3 Ke1 100.Kb2 Kd2 101.Ka1 Kc2 102.Ka2 Kc1 103.Ka1 Bb1  0-1

[Event "Evry sim"]
[Site "Evry"]
[Date "1989.??.??"]
[Round "?"]
[White "Haik, Aldo"]
[Black "Kasparov, Gary"]
[Result "1/2-1/2"]
[WhiteElo "2390"]
[BlackElo "2775"]

1.c4 g6 2.Nc3 Bg7 3.d4 Nf6 4.e4 d6 5.Bd3 O-O 6.Nge2 c5 7.d5 e6 8.O-O exd5
9.cxd5 Na6 10.h3 Re8 11.Bg5 h6 12.Bh4 g5 13.Bg3 c4 14.Bc2 Nc5 15.f3 Bd7 16.Bf2 Nh5
17.Bd4 Be5 18.b4 cxb3 19.axb3 a5 20.Qd2 Qf6 21.Bxe5 dxe5 22.Na4 Qd6 23.Nxc5 Qxc5+
24.Kh2 Nf4 25.Bd3 Rec8 26.Nxf4 gxf4 27.g3 Qe3 28.Rad1 Qxd2+ 29.Rxd2 fxg3+
30.Kxg3 Rc3 31.Rb1  1/2-1/2

[Event "New York exh"]
[Site "New York"]
[Date "1989.??.??"]
[Round "1"]
[White "Kasparov, Gary"]
[Black "Kamsky, Gata"]
[Result "1-0"]
[WhiteElo "2775"]
[BlackElo "2345"]

1.c4 e6 2.g3 d5 3.Bg2 Nf6 4.d4 Be7 5.Nf3 c6 6.Qc2 O-O 7.O-O Nbd7 8.b3 b6
9.Rd1 Bb7 10.Nc3 Rc8 11.e4 c5 12.exd5 exd5 13.Bb2 dxc4 14.d5 Ne8 15.Nb5 a6
16.Na7 Rc7 17.Nc6 Bxc6 18.dxc6 Rxc6 19.Ne5 Rd6 20.Nc6 Rxc6 21.Bxc6 Nd6 22.bxc4 Nf6
23.Be5 Qc7 24.Bg2 Rd8 25.Rd3 Ng4 26.Bf4 Bf6 27.Rad1 Bd4 28.Rxd4 cxd4 29.Rxd4 Qe7
30.h3 Ne5 31.c5 bxc5 32.Qxc5 f6 33.Qa3 h5 34.Qxa6 Ndf7 35.Rxd8+ Nxd8 36.a4 Ng6
37.Be3 h4 38.gxh4 Qc7 39.Bd5+ Kh8 40.Qc4 Qd7 41.Qb5 Qe7 42.h5 Nh4 43.a5 Nf5
44.Qc5 Qe8 45.a6 Nxe3 46.Qxe3 Qa4 47.Qe4 Qa1+ 48.Kg2 Qxa6 49.Qe8+ Kh7 50.Bg8+ Kh8
51.Bf7+  1-0

[Event "New York exh"]
[Site "New York"]
[Date "1989.??.??"]
[Round "2"]
[White "Kamsky, Gata"]
[Black "Kasparov, Gary"]
[Result "0-1"]
[WhiteElo "2345"]
[BlackElo "2775"]

1.d4 e6 2.Nf3 c5 3.c3 Nc6 4.e4 d5 5.e5 Bd7 6.Be2 Nh6 7.O-O cxd4 8.cxd4 Nf5
9.Nc3 Be7 10.a3 Rc8 11.Bf4 g5 12.Be3 g4 13.Ne1 h5 14.Nc2 f6 15.exf6 Bxf6
16.Bd3 Nce7 17.Qd2 O-O 18.Bg5 Ng6 19.Bxf6 Qxf6 20.Rae1 Nfh4 21.Bxg6 Qxg6
22.Kh1 Rf5 23.Ne3 Rf7 24.Nc2 Rcf8 25.Nb4 Qg7 26.Re5 Rf5 27.Nd3 Ng6 28.Rxf5 Rxf5
29.Qe3 Qf6 30.Re1 b6 31.Kg1 h4 32.Ne2 Bb5 33.Nec1 Kf7 34.Ne5+ Nxe5 35.dxe5 Qg6
36.Nb3 Rf3 37.Qc1 Rxb3 38.Qc7+ Kg8 39.Qd8+ Be8 40.Qxh4 Rxb2 41.h3 gxh3 42.Qxh3 Rb1
43.Rxb1 Qxb1+ 44.Kh2 Qf5 45.Qg3+ Kf8 46.Qe3 b5 47.f3 a5 48.g4 Qh7+ 49.Kg3 b4
50.axb4 axb4 51.Qf4+ Qf7 52.Qxb4+ Kg7 53.Qd2 Qe7 54.Qa5 Bg6 55.Qb6 Qd7 56.Qd4 Qc7
57.Qf4 Qd8 58.Qd4 Qa5 59.Qf4 Qd8 60.Qd4 Bf7 61.Kg2 Qg5 62.Kg3 Qc1 63.Kf2 Qc2+
64.Kg3 Qc4 65.Qe3 Kg6 66.Kh4 Qb4 67.Qg5+ Kh7 68.Qf6 Qf8 69.Kg3 Qg7 70.Qh4+ Qh6
71.Qe7 Kg7 72.Qd8 Qg6 73.Kf4 Be8 74.Kg3 Qf7 75.Qg5+ Kf8 76.Qh6+ Ke7 77.Qe3 Qg7
78.Qf4 Kd8 79.Qe3 Qc7 80.Qg5+ Kd7 81.Qg7+ Kc8 82.Qf6 Qd7 83.Qf8 d4 84.Qc5+ Kd8
85.Qb6+ Ke7 86.Qb4+ Kf7 87.Qd2 Qd5 88.Qg5 d3 89.Qf6+ Kg8 90.Qg5+ Kf8 91.Qf6+ Bf7
92.Qh6+ Ke8 93.Qh8+ Kd7 94.Qg7 d2 95.Qxf7+ Kc6 96.Qe8+ Kc5 97.Qe7+ Kc4 98.Qc7+ Kd3
99.Qh7+ Kd4 100.Qa7+ Kc3 101.Qc7+ Qc4 102.Qa5+ Kc2 103.Kh4 d1=Q 104.Kg5 Qd2+
105.Qxd2+ Kxd2 106.Kf6 Ke3 107.g5 Qf4+  0-1

[Event "Tilburg"]
[Site "Tilburg"]
[Date "1989.??.??"]
[Round "4"]
[White "Kortschnoj, Viktor"]
[Black "Kasparov, Gary"]
[Result "1/2-1/2"]
[WhiteElo "2655"]
[BlackElo "2775"]

1.Nf3 Nf6 2.c4 g6 3.g3 Bg7 4.Bg2 O-O 5.O-O d5 6.cxd5 Nxd5 7.d4 Nb6 8.Nc3 Nc6
9.e3 Re8 10.d5 Na5 11.Nd4 Bd7 12.Qe2 c6 13.dxc6 Nxc6 14.Nxc6 Bxc6 15.Bxc6 bxc6
16.Rd1 Qc8 17.Bd2 Qe6 18.Be1 h5 19.Rac1 h4 20.b3 Rad8 21.gxh4 Nd7 22.Kg2 Nc5
23.Rxd8 Rxd8 24.Rd1 Rxd1 25.Qxd1 Qf5 26.f3 Nd3 27.Ne4 Qd5  1/2-1/2

[Event "Tilburg"]
[Site "Tilburg"]
[Date "1989.??.??"]
[Round "5"]
[White "Kasparov, Gary"]
[Black "Ivanchuk, Vassily"]
[Result "1-0"]
[WhiteElo "2775"]
[BlackElo "2660"]

1.d4 Nf6 2.c4 e6 3.Nf3 b6 4.g3 Ba6 5.b3 Bb4+ 6.Bd2 Be7 7.Bg2 c6 8.Bc3 d5
9.Nbd2 Nbd7 10.O-O O-O 11.Re1 Bb7 12.e4 dxe4 13.Nxe4 c5 14.Ned2 a6 15.Qe2 cxd4
16.Nxd4 Bxg2 17.Kxg2 Qc7 18.N2f3 Qb7 19.b4 Rfc8 20.Rac1 Bf8 21.Kg1 Rc7 22.a3 Re8
23.Bb2 e5 24.Nf5 e4 25.N3h4 Ne5 26.Red1 h6 27.Bxe5 Rxe5 28.Ne3 Re6 29.Nhg2 Nd7
30.Nf4 Re8 31.Nfd5 Rc6 32.Qg4 Rce6 33.h4 Qb8 34.Kg2 Qe5 35.Qf5 g6 36.Qxe5 Rxe5
37.Nc7 Rd8 38.Rc2 a5 39.Rcd2 axb4 40.axb4 Re7 41.Ncd5  1-0

[Event "Tilburg"]
[Site "Tilburg"]
[Date "1989.??.??"]
[Round "7"]
[White "Agdestein, Simen"]
[Black "Kasparov, Gary"]
[Result "0-1"]
[WhiteElo "2605"]
[BlackElo "2775"]

1.c4 g6 2.Nc3 c5 3.g3 Bg7 4.Bg2 Nc6 5.e3 d6 6.Nge2 Nf6 7.O-O O-O 8.d3 Bd7
9.h3 a6 10.b3 Rb8 11.Bb2 b5 12.Qd2 Nb4 13.Rfd1 Re8 14.e4 Nc6 15.Nd5 e5 16.Kh2 h5
17.f4 bxc4 18.dxc4 Nxd5 19.Qxd5 Nd4 20.Nxd4 cxd4 21.Qxd6 h4 22.g4 Bf8 23.Qxa6 Re6
24.Qa7 Ra8  0-1

[Event "Tilburg"]
[Site "Tilburg"]
[Date "1989.??.??"]
[Round "14"]
[White "Kasparov, Gary"]
[Black "Agdestein, Simen"]
[Result "1-0"]
[WhiteElo "2775"]
[BlackElo "2605"]

1.d4 e6 2.e4 d5 3.Nd2 b6 4.Ngf3 Bb7 5.Bb5+ c6 6.Bd3 Be7 7.O-O dxe4 8.Nxe4 Nf6
9.Nxf6+ Bxf6 10.Bf4 O-O 11.Qe2 Qd5 12.Be4 Qh5 13.a4 Nd7 14.a5 bxa5 15.Bd6 Rfc8
16.Qd2 Bd8 17.Ne5 Nxe5 18.dxe5 Ba6 19.Rfe1 f5 20.exf6 Bxf6 21.Rxa5 Bb5 22.c4 Rd8
23.Qb4 Rac8 24.cxb5 c5 25.b6 Rxd6 26.bxa7 Rdd8 27.Qa4 Be5 28.a8=Q Qxh2+ 29.Kf1 Rxa8
30.Rxa8  1-0

[Event "Murcia m"]
[Site "Murcia"]
[Date "1990.??.??"]
[Round "1"]
[White "Psakhis, Lev"]
[Black "Kasparov, Gary"]
[Result "0-1"]
[WhiteElo "2575"]
[BlackElo "2800"]

1.c4 g6 2.e4 Bg7 3.d4 d6 4.Nc3 Nf6 5.f3 O-O 6.Be3 Nbd7 7.Bd3 c5 8.Nge2 cxd4
9.Nxd4 e6 10.O-O d5 11.exd5 exd5 12.Bf2 Ne5 13.c5 Nfd7 14.Be2 Nxc5 15.Ndb5 b6
16.Nxd5 Bf5 17.Nd4 Bd3 18.Bxd3 Qxd5 19.Bc2 Rad8 20.Qe2 Rfe8 21.Rfe1 Nxf3+
22.Qxf3 Rxe1+ 23.Rxe1 Bxd4 24.Qxd5 Rxd5 25.Re2 Bxb2 26.Bxc5 Rxc5 27.g3 b5
28.Kg2 Be5 29.Bb3 a5 30.Rf2 Rc7 31.Re2 Bc3 32.Re8+ Kg7 33.Rb8 a4 34.Bd5 Rc5
35.Be4 b4 36.Bc2  0-1

[Event "Murcia m"]
[Site "Murcia"]
[Date "1990.??.??"]
[Round "2"]
[White "Kasparov, Gary"]
[Black "Psakhis, Lev"]
[Result "1/2-1/2"]
[WhiteElo "2800"]
[BlackElo "2575"]

1.d4 Nf6 2.c4 e6 3.Nf3 b6 4.Nc3 Bb4 5.Bg5 Bb7 6.Nd2 Bxc3 7.bxc3 h6 8.Bh4 g5
9.Bg3 d6 10.e3 Qe7 11.h4 Rg8 12.hxg5 hxg5 13.Be2 Nc6 14.Qc2 O-O-O 15.O-O-O Rh8
16.e4 Kb8 17.Nb3 Nd7 18.Bd3 Qf6 19.Rxh8 Qxh8 20.c5 dxc5 21.Bb5 Qf8 22.d5 Nce5
23.d6 f6 24.dxc7+ Kxc7 25.Qe2 Qe7 26.Nd2 Nf8 27.Nc4 Rxd1+ 28.Qxd1 Ng6 29.Qh5 Bxe4
30.Qe2 Bd5 31.Nxe5 Nxe5 32.Bxe5+ fxe5 33.Qxe5+ Kb7 34.f3 a6 35.Bd3 b5 36.Kb2 c4
37.Bc2 b4 38.Be4 bxc3+ 39.Kc2 Qd7 40.Kxc3 Qb5 41.Qxe6 Qa5+ 42.Kd4 Qd2+ 43.Kc5  1/2-1/2

[Event "Murcia m"]
[Site "Murcia"]
[Date "1990.??.??"]
[Round "3"]
[White "Psakhis, Lev"]
[Black "Kasparov, Gary"]
[Result "1/2-1/2"]
[WhiteElo "2575"]
[BlackElo "2800"]

1.c4 g6 2.e4 Bg7 3.d4 d6 4.Nc3 Nf6 5.f3 O-O 6.Be3 Nbd7 7.Nh3 c6 8.Qd2 e5
9.d5 cxd5 10.cxd5 a6 11.Nf2 Nh5 12.Nd3 f5 13.Be2 fxe4 14.fxe4 Qh4+ 15.Bf2 Qe7
16.Bxh5 gxh5 17.O-O-O Qf6 18.Kb1 Qg6 19.Bh4 Nf6 20.Bxf6 Bxf6 21.Rdf1 Bd7
22.Rf3 Bg4 23.Rf2 Bh4 24.Rff1 Bg5 25.Qe1 h4 26.h3 Bh5 27.Rhg1 Kh8 28.Rxf8+ Rxf8
29.Rf1 Rxf1 30.Qxf1 Be7 31.Ne1 Qg3 32.Nf3 b5 33.a3 Bg6 34.Ka2 Qf4 35.Qe2 Bd8
36.Qd2 Qxd2 37.Nxd2 Ba5 38.Kb3 Kg7 39.Kc2 Kf6 40.Kd3 Bh5 41.Nf3 Bxf3 42.gxf3 Bxc3
43.Kxc3 Kg5 44.Kd3 Kf4 45.Ke2 Kg3 46.b3 a5 47.a4 bxa4 48.bxa4 Kg2 49.Ke3 Kg3  1/2-1/2